|
|
|
|
| LEADER |
00000cam a2200000 7i4500 |
| 001 |
0000001393 |
| 005 |
20010615.0 |
| 090 |
0 |
0 |
|a 634.9
|b TRE 1988
|
| 245 |
0 |
0 |
|a TREES and mycorrhiza
|c editor, F. S. P. Ng
|
| 260 |
0 |
0 |
|a Kuala Lumpur :
|b Institut Penyelidikan Perhutanan Malaysia ,
|c 1988
|
| 300 |
|
|
|a ii, 305 p. :
|b ill., maps ;
|c 30 cm.
|
| 500 |
0 |
0 |
|a Includes bibiographical references
|
| 650 |
0 |
0 |
|a Mycorrhizas
|
| 650 |
0 |
0 |
|a Trees
|
| 700 |
0 |
1 |
|a Ng
|h F. S. P.
|
| 710 |
1 |
1 |
|a Institut Penyelidikan Perhutanan Malaysia (FRIM)
|
| 998 |
|
|
|a JPSM
|
| 999 |
|
|
|a 0000002426
|b Monograph
|c Open Shelf
|e Default branch
|